Quantifying quality (Record no. 103917)

MARC details
000 -LEADER
fixed length control field 01154cam a2200241 4500
001 - CONTROL NUMBER
control field L128474
008 - FIXED-LENGTH DATA ELEMENTS--GENERAL INFORMATION
fixed length control field 050110n2005 000 0 eng u
020 ## - INTERNATIONAL STANDARD BOOK NUMBER
International Standard Book Number 1842192124
035 ## - SYSTEM CONTROL NUMBER
System control number (Sirsi) u128474
041 ## - LANGUAGE CODE
Language code of text/sound track or separate title eng
050 ## - LIBRARY OF CONGRESS CALL NUMBER
Classification number 336.39
-- 18
100 ## - MAIN ENTRY--PERSONAL NAME
Personal name Eaton, David
110 ## - MAIN ENTRY--CORPORATE NAME
Corporate name or jurisdiction name as entry element Royal Institution of Chartered Surveyors
Subordinate unit Public Affairs
9 (RLIN) 4679
245 ## - TITLE STATEMENT
Title Quantifying quality
Remainder of title PFI and the delivery of public services
-- an executive summary
260 ## - PUBLICATION, DISTRIBUTION, ETC.
Place of publication, distribution, etc. London
Name of publisher, distributor, etc. RICS
Date of publication, distribution, etc. 2005
300 ## - PHYSICAL DESCRIPTION
Extent 6p.
Dimensions 30cm.
520 ## - SUMMARY, ETC.
Summary, etc. This executive summary of the main report suggests that government should pay back costs incurred by firms short listed for PFI contracts. The high costs of bidding for PFI deals acts as a barrier to many, particularly smaller firms, which means that the client and the public are not getting best value from the full market of ideas. A rebate would encourage more companies to put themselves forward.
590 ## - LOCAL NOTE (RLIN)
Local note IKA070605
650 ## - SUBJECT ADDED ENTRY--TOPICAL TERM
Topical term or geographic name entry element PFI
690 ## - LOCAL SUBJECT ADDED ENTRY--TOPICAL TERM (OCLC, RLIN)
Topical term or geographic name as entry element Procurement
9 (RLIN) 6260
856 ## - ELECTRONIC LOCATION AND ACCESS
Uniform Resource Identifier <a href="https://www.rics.org/RICSWEB/getpage.aspx?p=H3lVdSfLH0abxuUZr1bN5A">https://www.rics.org/RICSWEB/getpage.aspx?p=H3lVdSfLH0abxuUZr1bN5A</a>
Public note View this item free of charge at www.rics.org...
942 ## - ADDED ENTRY ELEMENTS (KOHA)
Suppress in OPAC 0
Holdings
Withdrawn status Lost status Source of classification or shelving scheme Damaged status Not for loan Home library Current library Shelving location Date acquired Total Checkouts Full call number Barcode Date last seen Copy number Price effective from Koha item type
    Dewey Decimal Classification     London London RICS Boxes 31/05/2005   RICS 2005/16 30070851 06/08/2019 1 06/08/2019 Archive
    Dewey Decimal Classification     London London RICS Boxes 31/05/2005   RICS 2005/16 30070852 06/08/2019 2 06/08/2019 Reference material
    Dewey Decimal Classification     London London RICS Boxes 31/05/2005   RICS 2005/16 30070853 06/08/2019 3 06/08/2019 Book
    Dewey Decimal Classification     Virtual Virtual Online 31/05/2005   ONLINE PUBLICATION 128474-2001 06/08/2019 1 06/08/2019 Online material